Eurokasa bez Britov a koniec gréckeho programu
Vplyv odchodu Spojeného kráľovstva z EÚ na európske hospodárenie. Témy, ktoré budú dominovať európskej politike v r. 2018. Vplyv Grécka na stabilizáciu eurozóny. Návrh Európskej komisie viacročného finančného rámca na r. 2020-2026. Dôvody znižovania štrukturálnych fondov.
Gespeichert in:
| 1. Verfasser: | |
|---|---|
| Weitere Verfasser: | |
| Format: | Buchkapitel |
| Sprache: | Slowakisch |
| Schlagworte: | |
| Tags: |
Keine Tags, Fügen Sie das erste Tag hinzu!
|
MARC
| LEADER | 00000naa a2200000 4500 | ||
|---|---|---|---|
| 001 | 0238650 | ||
| 005 | 20180111094612.9 | ||
| 041 | 0 | |a slo | |
| 044 | |a SK | ||
| 245 | 1 | 0 | |a Eurokasa bez Britov a koniec gréckeho programu |c Radovan Geist, Eva Mihočková |
| 520 | |a Vplyv odchodu Spojeného kráľovstva z EÚ na európske hospodárenie. Témy, ktoré budú dominovať európskej politike v r. 2018. Vplyv Grécka na stabilizáciu eurozóny. Návrh Európskej komisie viacročného finančného rámca na r. 2020-2026. Dôvody znižovania štrukturálnych fondov. | ||
| 610 | 2 | 0 | |a Spojené kráľovstvo |
| 610 | 2 | 0 | |a Európska únia |
| 610 | 2 | 0 | |a spolupráca hospodárska medzinárodná |
| 610 | 2 | 0 | |a Grécko |
| 610 | 2 | 0 | |a eurozóna |
| 610 | 2 | 0 | |a fondy Európskej únie |
| 100 | 1 | |a Geist, Radovan | |
| 700 | 1 | |a Mihočková, Eva | |